000 00255nam a22001217a 4500
008 181016b xxu||||| |||| 00| 0 eng d
041 _aeng
080 _a701
100 _a44
101 _aART
245 _aDutch Painting
_cMeijer,E.R
942 _2udc
_cBK
999 _c49844
_d49844